<?xml version="1.0" encoding="UTF-8"?>
<marc:record xmlns:marc="http://www.loc.gov/MARC21/slim">
   <marc:leader>00000nam a2200000 a 4500</marc:leader>
   <marc:datafield ind1="1" ind2=" " tag="100">
      <marc:subfield code="a">Schneider, Anna</marc:subfield>
      <marc:subfield code="4">aut</marc:subfield>
      <marc:subfield code="e">Verfasser/-in</marc:subfield>
   </marc:datafield>
   <marc:datafield ind1="0" ind2="0" tag="245">
      <marc:subfield code="a">Ihr Grab in den Fluten</marc:subfield>
   </marc:datafield>
   <marc:datafield ind1="0" ind2="0" tag="245">
      <marc:subfield code="b">Grenzfall-Krimireihe: Fall 6</marc:subfield>
   </marc:datafield>
   <marc:datafield ind1=" " ind2="1" tag="264">
      <marc:subfield code="b">FISCHER Scherz</marc:subfield>
      <marc:subfield code="c">2026</marc:subfield>
   </marc:datafield>
   <marc:datafield ind1="1" ind2=" " tag="490">
      <marc:subfield code="a">Jahn und Krammer ermitteln</marc:subfield>
   </marc:datafield>
   <marc:datafield ind1="1" ind2=" " tag="520">
      <marc:subfield code="a">»Lassen Sie sich mit der Grenzfall-Serie auf die dunkle Seite der Alpen entführen. Allerfeinste Krimiunterhaltung!« Romy Fölck 

Das Böse sprengt jede Grenze – der sechste Band der SPIEGEL-Bestseller-Serie um das deutsch-österreichische Ermittlerteam Alexa Jahn und Bernhard Krammer

Bei Oberkommissarin Alexa Jahn steht das Telefon nicht mehr still. In der Grenzregion Karwendel sind in Folge heftiger Unwetter die Flüsse über die Ufer getreten, und die Wassermassen reißen alles mit sich. Zahlreiche Personen gelten bereits als vermisst, und es werden von Minute zu Minute mehr.

Auch auf österreichischer Seite wütet der Sturm, doch Chefinspektor Bernhard Krammer, der nach einer Verletzung im Dienst noch nicht wieder voll im Einsatz ist, versucht einen kühlen Kopf zu bewahren.
</marc:subfield>
   </marc:datafield>
   <marc:datafield ind1=" " ind2=" " tag="020">
      <marc:subfield code="a">9783596710409</marc:subfield>
      <marc:subfield code="9">9783596710409</marc:subfield>
   </marc:datafield>
</marc:record>
